The Nine Circles Of Hell - Statistics

General Stats
  • This quiz has been taken 35 times
  • The average score is 6 of 9
Answer Stats
Hint Answer % Correct
Second Circle Lust
93%
Fourth Circle Greed
89%
Third Circle Gluttony
79%
First Circle Limbo
71%
Seventh Circle Violence
71%
Fifth Circle Anger
54%
Eighth Circle Fraud
54%
Ninth Circle Treachery
54%
Sixth Circle Heresy
43%
No matching quizzes found
Score Distribution
Percent of People with Each Score
Percentile by Number Answered
Your Score History
You have not taken this quiz